000 00235nam a2200109Ia 4500
999 _c8597
_d8597
020 _a978-0534932190
100 _aBurden, Faires
245 0 _aNumerical Analysis
260 _aUSA
_bWorld Scientific
_c1998
300 _a530
942 _cBK